[Event "Tourn. n8824"]
[Site "www.chess-mail.com"]
[Date "2016.06.16"]
[Round "1"]
[White "Bojan"]
[Black "Francesco"]
[WhiteElo "1990"]
[BlackElo "2020"]
[Result "0-1"]
[Round "1"]
1.c4 Ng8f6
2.b4 d5
3.Qd1b3 c6
4.Bc1b2 e6
5.e3 Bf8d6
6.c5 Bd6c7
7.Bf1e2 O-O
8.d3 Nb8d7
9.Nb1d2 Rf8e8
10.Ng1f3 e5
11.e4 h6
12.h3 Nd7f8
13.exd5 Nf6xd5
14.O-O-O Nd5f4
15.Rh1g1 Nf4xe2
16.Kb1 Ne2xg1
17.Rd1xg1 Bc8f5
18.Rg1e1 Qd8xd3
19.Ka1 Qd3xb3
20.axb3 f6
21.Nf3h4 Bf5g6
22.Nh4xg6 Nf8xg6
23.Nd2e4 Ra8d8
24.Ne4c3 Ng6f4
25.g3 Nf4d3
{ resign }
0-1

[Event "Tourn. n8730"]
[Site "www.chess-mail.com"]
[Date "2016.06.16"]
[Round "1"]
[White "Jftgalloso"]
[Black "Coventry"]
[WhiteElo "1870"]
[BlackElo "1950"]
[Result "0-1"]
[Round "1"]
1.d4 Ng8f6
2.c4 c5
3.d5 e6
4.Nb1c3 exd5
5.cxd5 d6
6.e4 g6
7.f3 Bf8g7
8.Bc1g5 O-O
9.Ng1e2 a6
10.h4 h6
11.Bg5xf6 Bg7xf6
12.g4 b5
13.Qd1d2 Bc8d7
14.Qd2xh6 Bf6g7
 { time }
0-1

[Event "Tourn. n8752"]
[Site "www.chess-mail.com"]
[Date "2016.06.16"]
[Round "1"]
[White "Claudia"]
[Black "Picifarkinca"]
[WhiteElo "1709"]
[BlackElo "1730"]
[Result "1/2-1/2"]
[Round "1"]
1.d4 Ng8f6
2.c4 e5
3.dxe5 Nf6g4
4.Bc1f4 Bf8b4
5.Nb1d2 Nb8c6
6.Ng1f3 Qd8e7
7.e3 Ng4xe5
8.Nf3xe5 Nc6xe5
9.Bf1e2 O-O
10.O-O d6
11.Nd2b3 Ne5d7
12.a3 Bb4c5
13.Nb3xc5 Nd7xc5
14.b4 Nc5e6
15.Bf4g3 Rf8d8
16.Ra1c1 Ne6g5
17.h3 Ng5e4
18.Bg3h2 a5
19.Qd1c2 Rd8e8
20.Be2d3 axb4
21.axb4 Bc8d7
22.c5 Bd7a4
{ draw }
1/2-1/2

[Event "Tourn. n8780"]
[Site "www.chess-mail.com"]
[Date "2016.06.16"]
[Round "1"]
[White "Viru"]
[Black "Claudia"]
[WhiteElo "1819"]
[BlackElo "1870"]
[Result "0-1"]
[Round "1"]
1.e4 c5
2.Ng1f3 d6
3.Bf1c4 e6
4.O-O Ng8f6
5.d3 Bf8e7
6.h3 O-O
7.Nb1c3 a6
8.a4 Nb8c6
9.d4 cxd4
10.Nf3xd4 Qd8c7
11.f4 Nc6xd4
12.Qd1xd4 d5
13.exd5 Be7c5
14.Qd4e3 Bc5xe3
15.Bc1xe3 Qc7xc4
16.d6 Bc8d7
17.Nc3e2 Qc4xe2
{ resign }
0-1

[Event "Tourn. n8833"]
[Site "www.chess-mail.com"]
[Date "2016.06.16"]
[Round "1"]
[White "Kampungboy"]
[Black "Frisker"]
[WhiteElo "1899"]
[BlackElo "1809"]
[Result "1-0"]
[Round "1"]
1.e4 e6
2.d4 d5
3.Nb1c3 Ng8f6
4.e5 Nf6d7
5.f4 c5
6.Ng1f3 a6
7.Bc1e3 Nb8c6
8.Qd1d2 b5
9.dxc5 Bf8xc5
10.O-O-O g6
11.Kb1 Qd8b6
12.Be3g1 Bc8b7
13.Nc3e4 Bc5xg1
14.Ne4d6 Ke7
15.Rh1xg1 f6
16.Nd6xb7 Qb6xb7
17.exf6 Nd7xf6
18.Bf1d3 Ra8e8
19.g4 Kd8
20.f5 gxf5
21.gxf5 e5
22.c4 bxc4
23.Bd3xc4 d4
24.Bc4e6 Qb7c7
25.Rd1c1 Re8xe6
26.fxe6 Qc7d6
27.Qd2c2 Nc6e7
28.Nf3g5 { resign }
1-0

[Event "Tourn. n8760"]
[Site "www.chess-mail.com"]
[Date "2016.06.16"]
[Round "1"]
[White "Gatrooper"]
[Black "Daquata"]
[WhiteElo "1480"]
[BlackElo "1710"]
[Result "0-1"]
[Round "1"]
1.e4 e5
2.a3 Ng8f6
3.Nb1c3 Nb8c6
4.Ng1f3 d6
5.d3 Bc8g4
6.h3 Bg4h5
7.Bf1e2 Bf8e7
8.Bc1g5 O-O
9.Bg5xf6 Be7xf6
10.g4 Bh5g6
11.h4 h5
12.gxh5 Bg6xh5
13.Nc3d5 Rf8e8
14.Nd5xf6 Qd8xf6
15.Qd1d2 Bh5xf3
16.Be2xf3 Qf6xf3
17.Rh1g1 Re8e6
18.h5 Qf3xh5
19.c3 Re6f6
20.Qd2e3 Qh5f3
21.Qe3xf3 Rf6xf3
22.O-O-O Rf3xf2
23.Rg1g5 Nc6e7
24.Rd1h1 Ne7g6
25.Rg5h5 c6
26.Kb1 Rf2d2
27.Ka2 Rd2xd3
28.a4 Rd3e3
29.b4 Re3xc3
30.Kb2 Rc3c4
31.Rh1e1 Rc4xb4
32.Kc3 Rb4xa4
33.Re1h1 Ra4xe4
34.Kd3 Re4d4
35.Ke3 a5
36.Rh1a1 a4
37.Ra1a3 b5
38.Ra3a1 a3
39.Rh5h2 b4
40.Ra1a2 b3
41.Ra2e2 a2
42.Rh2h1 a1R
43.Rh1h3 Ra8b8
44.Re2h2 b2
45.Rh2xb2 Rb8xb2
46.Rh3h5 Ra1a3
{ resign }
0-1

[Event "Tourn. n8714"]
[Site "www.chess-mail.com"]
[Date "2016.06.16"]
[Round "1"]
[White "Mars91"]
[Black "Odin"]
[WhiteElo "2089"]
[BlackElo "2010"]
[Result "0-1"]
[Round "1"]
1.Ng1f3 Ng8f6
2.g3 g6
3.b3 Bf8g7
4.Bc1b2 d6
5.d4 Nb8d7
6.Bf1g2 O-O
7.O-O Nd7b6
8.c4 Bc8g4
9.h3 Bg4d7
10.d5 c6
11.dxc6 Bd7xc6
12.Nb1d2 Qd8c7
13.Qd1c2 Ra8c8
14.Ra1c1 Qc7b8
15.Bb2d4 e5
16.Bd4xb6 axb6
17.Nf3g5 b5
18.Bg2xc6 bxc6
19.Ng5e4 d5
20.Ne4xf6 Bg7xf6
21.e3 d4
22.exd4 exd4
23.Nd2e4 Bf6g7
24.Qc2d3 Rc8d8
25.c5 Qb8c8
26.Kh2 Qc8f5
27.Rc1d1 Bg7e5
28.f4 Be5g7
29.b4 Rf8e8
30.Rf1e1 Re8e6
31.Ne4f2 Qf5d5
32.Re1xe6 fxe6
33.Nf2e4 Qd5xa2
34.Rd1d2 Qa2a1
35.Ne4d6 Rd8a8
36.Nd6e4 { time. }
0-1

[Event "Tourn. n8790"]
[Site "www.chess-mail.com"]
[Date "2016.06.16"]
[Round "1"]
[White "Yakke"]
[Black "Picifarkinca"]
[WhiteElo "1720"]
[BlackElo "1870"]
[Result "1/2-1/2"]
[Round "1"]
1.e4 Ng8f6
2.Nb1c3 d6
3.d4 g6
4.Ng1f3 Bf8g7
5.e5 dxe5
6.Nf3xe5 O-O
7.Bf1c4 Nb8d7
8.Bc4xf7 Rf8xf7
9.Ne5xf7 Kxf7
10.O-O Nd7b6
11.b3 Bc8f5
12.Nc3e2 Kg8
{ draw }
1/2-1/2

[Event "Tourn. n8769"]
[Site "www.chess-mail.com"]
[Date "2016.06.16"]
[Round "1"]
[White "Piekki"]
[Black "Leo57"]
[WhiteElo "2310"]
[BlackElo "2790"]
[Result "0-1"]
[Round "1"]
1.e4 e6
2.d4 d5
3.Nb1c3 Ng8f6
4.Bc1g5 dxe4
5.Nc3xe4 Bf8e7
6.Bg5xf6 gxf6
7.Ng1f3 f5
8.Ne4g3 c5
9.dxc5 Qd8xd1
10.Ra1xd1 Be7xc5
11.Nf3e5 Ke7
12.Bf1e2 Nb8c6
13.Ne5xc6 bxc6
14.Be2f3 Ra8b8
15.b3 Bc5b4
16.Kf1 c5
{ resign }
0-1

[Event "Tourn. n8642"]
[Site "www.chess-mail.com"]
[Date "2016.06.16"]
[Round "1"]
[White "Tonino1"]
[Black "Wwgia"]
[WhiteElo "2130"]
[BlackElo "2160"]
[Result "0-1"]
[Round "1"]
1.d4 Ng8f6
2.Ng1f3 g6
3.e3 Bf8g7
4.Bf1d3 O-O
5.b3 d6
6.Bc1b2 b6
7.Nb1d2 Bc8b7
8.O-O Nb8d7
9.c4 Rf8e8
10.Qd1e2 e5
11.dxe5 dxe5
12.e4 Qd8e7
13.Ra1d1 Nf6h5
14.g3 Ra8d8
15.Rf1e1 a5
16.Nd2f1 Nd7c5
17.Bd3c2 Nc5e6
18.Rd1xd8 Re8xd8
19.Nf1e3 Ne6c5
20.Ne3d5 Bb7xd5
21.cxd5 Bg7f6
22.Qe2c4 Nh5g7
23.a3 Nc5b7
24.b4 axb4
25.axb4 Ng7e8
26.Qc4c3 Ne8d6
27.Bc2a4 b5
28.Ba4b3 Rd8e8
29.Nf3d2 Kg7
30.Bb3c2 h5
31.Nd2b3 Nd6c4
32.Bb2c1 Bf6g5
33.Bc2d3 Bg5xc1
34.Nb3xc1 Nb7d6
35.Nc1e2 Re8a8
36.f4 Ra8a3
37.Qc3c2 h4
38.f5 Qe7g5
39.Ne2c3 hxg3
40.h3 Qg5f4
41.Re1f1 Qf4e3
42.Kg2 Nc4d2
43.Nc3d1 Nd2xf1
44.Bd3xf1 Qe3xe4
45.Qc2xe4 Nd6xe4
46.Bf1xb5 Ra3a2
47.Kg1 Ne4g5
48.fxg6 Ng5xh3
49.Kf1 g2
 { time }
0-1

[Event "Tourn. n8797"]
[Site "www.chess-mail.com"]
[Date "2016.06.16"]
[Round "1"]
[White "Cal"]
[Black "Jjmcbride"]
[WhiteElo "1560"]
[BlackElo "1650"]
[Result "1-0"]
[Round "1"]
1.c4 e5
2.e4 Bf8c5
3.d3 d6
4.h3 Qd8f6
5.Ng1f3 h6
6.a3 b6
7.Bc1e3 Bc5xe3
8.fxe3 c6
9.Nb1c3 Ng8e7
10.Bf1e2 O-O
11.b4 Bc8d7
12.O-O  { time }
1-0

[Event "Tourn. n8804"]
[Site "www.chess-mail.com"]
[Date "2016.06.16"]
[Round "1"]
[White "Genius9"]
[Black "Picifarkinca"]
[WhiteElo "1840"]
[BlackElo "1920"]
[Result "1/2-1/2"]
[Round "1"]
1.Nb1c3 d5
2.d4 Ng8f6
3.Bc1g5 Nb8d7
4.e3 c6
5.Ng1f3 Qd8a5
6.Qd1d2 Qa5b4
7.O-O-O e6
8.a3 Qb4a5
9.Nc3b1 Qa5xd2
{ draw }
1/2-1/2

[Event "Tourn. n8815"]
[Site "www.chess-mail.com"]
[Date "2016.06.16"]
[Round "1"]
[White "Picifarkinca"]
[Black "Genius9"]
[WhiteElo "1950"]
[BlackElo "1830"]
[Result "1/2-1/2"]
[Round "1"]
1.e4 e5
2.Ng1f3 Nb8c6
3.Bf1b5 Ng8f6
4.d3 d6
5.h3 Bf8e7
6.O-O O-O
7.c3 Bc8d7
8.Nb1d2 { draw }
1/2-1/2

[Event "Tourn. n8772"]
[Site "www.chess-mail.com"]
[Date "2016.06.16"]
[Round "1"]
[White "Genius9"]
[Black "Picifarkinca"]
[WhiteElo "1860"]
[BlackElo "1810"]
[Result "1/2-1/2"]
[Round "1"]
1.d4 Ng8f6
2.c4 e6
3.Nb1c3 Bf8b4
4.e3 O-O
5.Bf1d3 d5
6.Ng1e2 b6
7.O-O Bc8a6
8.cxd5 Ba6xd3
9.Qd1xd3 exd5
10.a3 Bb4e7
11.b4 a5
12.b5 Rf8e8
13.Ne2f4 Be7d6
14.Bc1b2 c5
15.bxc6 Nb8xc6
16.Rf1e1 Bd6xf4
{ draw }
1/2-1/2

[Event "Tourn. n8785"]
[Site "www.chess-mail.com"]
[Date "2016.06.16"]
[Round "1"]
[White "Coventry"]
[Black "Julian"]
[WhiteElo "2010"]
[BlackElo "2050"]
[Result "0-1"]
[Round "1"]
1.Ng1f3 d5
2.g3 c6
3.d4 Ng8f6
4.Bf1g2 g6
5.O-O Bf8g7
6.Nf3e5 O-O
7.Nb1d2 Nb8d7
8.Nd2f3 Nf6e4
9.Ne5xd7 Bc8xd7
10.c3 Qd8c7
11.Bc1f4 Qc7b6
12.Qd1c2 f6
13.Nf3d2 e5
 { time }
0-1

[Event "Tourn. n8796"]
[Site "www.chess-mail.com"]
[Date "2016.06.16"]
[Round "1"]
[White "Picifarkinca"]
[Black "Genius9"]
[WhiteElo "1910"]
[BlackElo "1840"]
[Result "1/2-1/2"]
[Round "1"]
1.e4 c5
2.a3 Nb8c6
3.Ng1f3 d6
4.c4 g6
5.d4 cxd4
6.Nf3xd4 Bf8g7
7.Bc1e3 Ng8f6
8.Nb1c3 O-O
9.h3 Nc6xd4
10.Be3xd4 Bc8e6
11.Bf1e2 { draw }
1/2-1/2

[Event "Tourn. n8797"]
[Site "www.chess-mail.com"]
[Date "2016.06.16"]
[Round "1"]
[White "Daquata"]
[Black "Jjmcbride"]
[WhiteElo "1670"]
[BlackElo "1650"]
[Result "1-0"]
[Round "1"]
1.e4 e5
2.Ng1f3 d6
3.d4 f6
4.dxe5 Bf8e7
5.exd6 Be7xd6
6.Nb1c3 c6
7.Bf1c4 Qd8e7
8.O-O Bc8e6
9.Bc4xe6 Qe7xe6
10.Rf1e1 Nb8d7
11.Bc1e3  { time }
1-0

[Event "Tourn. n8602"]
[Site "www.chess-mail.com"]
[Date "2016.06.16"]
[Round "1"]
[White "Starwind"]
[Black "Seger"]
[WhiteElo "2330"]
[BlackElo "2760"]
[Result "1-0"]
[Round "1"]
1.e4 c5
2.Ng1f3 d6
3.d4 cxd4
4.Nf3xd4 Ng8f6
5.Nb1c3 a6
6.Bc1e3 e5
7.Nd4b3 Bc8e6
8.f3 Bf8e7
9.Qd1d2 O-O
10.O-O-O Nb8d7
11.g4 b5
12.g5 b4
13.Nc3e2 Nf6e8
14.f4 Ra8b8
15.f5 Be6c4
16.Ne2g3 Bc4xf1
17.Rh1xf1 Kh8
18.h4 a5
19.Kb1 a4
20.Nb3c1 Qd8c7
21.Nc1d3 Nd7b6
22.Be3xb6 Qc7xb6
23.f6 gxf6
24.Ng3f5 Be7d8
25.gxf6 Bd8xf6
26.Rf1g1 a3
27.b3 d5
28.Qd2h6 Bf6g7
29.Qh6xb6 Rb8xb6
30.exd5 Rf8g8
31.Nf5xg7 Rg8xg7
32.Nd3xe5 Rb6b5
33.c4 Rb5a5
34.Rg1xg7 Kxg7
35.Ne5c6 Ra5c5
36.d6 Ne8f6
37.Nc6xb4 Nf6d7
38.Nb4d3 Rc5c8
39.c5 Nd7f8
40.b4 Nf8d7
41.Rd1e1 Rc8d8
42.h5 Kh6
43.c6 Nd7b6
44.Nd3e5 { resign }
1-0

[Event "Tourn. n8777"]
[Site "www.chess-mail.com"]
[Date "2016.06.16"]
[Round "1"]
[White "Claudia"]
[Black "Picifarkinca"]
[WhiteElo "1810"]
[BlackElo "1780"]
[Result "1/2-1/2"]
[Round "1"]
1.d4 Ng8f6
2.c4 e6
3.Nb1c3 Bf8b4
4.e3 O-O
5.Ng1e2 d5
6.a3 Bb4e7
7.cxd5 exd5
8.Ne2f4 c6
9.Bf1d3 Nb8d7
10.O-O Be7d6
11.e4 dxe4
12.Nc3xe4 Nf6xe4
13.Bd3xe4 Nd7f6
14.Be4c2 Qd8c7
15.g3 Rf8e8
16.Nf4h5 Nf6xh5
17.Qd1xh5 g6
18.Qh5d1 Bc8h3
19.Rf1e1 Re8xe1
{ draw }
1/2-1/2

[Event "Tourn. n8507"]
[Site "www.chess-mail.com"]
[Date "2016.06.16"]
[Round "1"]
[White "Seger"]
[Black "Obisporey"]
[WhiteElo "2740"]
[BlackElo "2630"]
[Result "1/2-1/2"]
[Round "1"]
1.e4 c5
2.g3 g6
3.Bf1g2 Bf8g7
4.d3 Nb8c6
5.Ng1e2 Ng8f6
6.O-O d6
7.c3 O-O
8.d4 Qd8b6
9.b3 Bc8g4
10.d5 Nc6e5
11.f3 c4
12.Ne2d4 Bg4d7
13.Nb1a3 Ra8c8
14.bxc4 Qb6c5
15.Ra1b1 b6
16.Rf1f2 Ne5xc4
17.Na3xc4 Qc5xc4
18.Bc1d2 e5
19.Bg2f1 Qc4c5
20.Nd4b3 Qc5c7
21.g4 Rc8b8
22.c4 Bd7c8
23.Bd2e3 Nf6d7
24.h4 a5
25.Rf2g2 Bc8a6
26.Nb3d2 h6
27.h5 g5
28.Rb1b2 Rf8c8
29.Nd2b1 Qc7d8
30.Nb1a3 Nd7c5
31.Na3b5 Qd8d7
32.Rb2b1 Rc8e8
33.Rg2b2 Bg7f6
34.Nb5c3 Bf6d8
35.Be3xc5 dxc5
36.Nc3e2 Kh7
37.Ne2g3 Rb8a8
38.Ng3f5 Ba6c8
39.Bf1d3 Ra8a6
40.Bd3c2 a4
41.Kg2 Re8h8
42.a3 Bc8b7
43.Qd1d2 Bd8c7
44.Rb2b5 Bb7c8
45.Qd2d1 Bc7d8
46.d6 Qd7e8
47.Qd1d5 Qe8e6
48.Rb5b2 Rh8e8
49.Rb1d1 Bc8d7
50.Nf5e3 Ra6a7
51.Rb2b1 Re8f8
52.Rd1f1 Bd7c8
53.Rb1b2 Bc8b7
54.Rf1b1 Kg8
55.Qd5d2 Kh8
56.Kg3 Bb7c6
57.Ne3f5 Kh7
58.Qd2d3 Rf8e8
59.Bc2d1 Qe6c8
60.Kg2 Qc8d7
61.Bd1e2 Re8e6
62.Qd3c3 Re6e8
63.Qc3d2 Bc6b7
64.Rb2xb6 Bd8xb6
65.Rb1xb6 Bb7c6
66.Qd2e3 Ra7a5
67.Be2d3 Re8e6
68.Bd3c2 f6
69.Qe3d3 Ra5a8
{ draw }
1/2-1/2

[Event "Tourn. n8811"]
[Site "www.chess-mail.com"]
[Date "2016.06.16"]
[Round "1"]
[White "Picifarkinca"]
[Black "Genius9"]
[WhiteElo "1940"]
[BlackElo "1830"]
[Result "1/2-1/2"]
[Round "1"]
1.Ng1f3 d6
2.c4 Ng8f6
3.Nb1c3 g6
4.h3 Bf8g7
5.d4 O-O
6.e4 Rf8e8
7.Bf1e2 c6
8.O-O Qd8c7
9.Bc1g5 { draw }
1/2-1/2

[Event "Tourn. n8806"]
[Site "www.chess-mail.com"]
[Date "2016.06.16"]
[Round "1"]
[White "Cal"]
[Black "Nulladies"]
[WhiteElo "1580"]
[BlackElo "1499"]
[Result "0-1"]
[Round "1"]
1.c4 Ng8f6
2.Nb1c3 b6
3.e4 e5
4.a3 Bf8c5
5.h3 Bc8b7
6.d3 Nb8c6
7.Bf1e2 O-O
8.Bc1g5 h6
9.Bg5h4 Nc6d4
10.b4 Bc5e7
11.Nc3d5 c6
12.Nd5e3 Nf6h7
13.Bh4g3 d6
14.Ng1f3 Nd4xe2
15.Qd1xe2 Nh7g5
16.Nf3xg5 Be7xg5
17.Ne3f5 Bb7c8
18.O-O Bc8xf5
19.exf5 Qd8d7
20.Qe2e4 Bg5f6
21.f4 exf4
22.Ra1b1 fxg3
23.d4 Rf8e8
24.Rf1f3 Re8xe4
25.Rf3xg3 Ra8e8
26.d5 Re4e1
27.Rb1xe1 Re8xe1
28.Kf2 Qd7e8
29.Rg3f3 Bf6d4
30.Kg3 Re1e3
31.Rf3xe3 Qe8xe3
{ resign }
0-1

[Event "Tourn. n8722"]
[Site "www.chess-mail.com"]
[Date "2016.06.16"]
[Round "1"]
[White "Genius1"]
[Black "Claudia"]
[WhiteElo "1430"]
[BlackElo "999"]
[Result "0-1"]
[Round "1"]
1.d4 d5
2.c4 e6
3.Nb1c3 Bf8e7
4.Ng1f3 Ng8f6
5.cxd5 exd5
6.g3 O-O
7.Bf1g2 c6
8.O-O h6
9.Nf3e5 Bc8f5
10.b3 Nb8d7
11.Ne5xd7 Qd8xd7
12.Bc1b2 Rf8e8
13.a3 Bf5h3
14.e3 Be7d6
15.b4 Re8e7
16.Nc3a4 b6
17.Na4c3 Ra8e8
18.Rf1e1 Qd7f5
19.Ra1c1 Bh3xg2
20.Kxg2 Nf6g4
21.Re1f1 Qf5g6
22.Qd1c2 Qg6h5
23.h3 Ng4f6
24.Qc2e2 Qh5f5
25.Qe2c2 Qf5d7
26.Rf1e1 Nf6e4
27.Nc3xe4 Re7xe4
 { time }
0-1

[Event "Tourn. n8777"]
[Site "www.chess-mail.com"]
[Date "2016.06.16"]
[Round "1"]
[White "Falcoale"]
[Black "Picifarkinca"]
[WhiteElo "1710"]
[BlackElo "1780"]
[Result "1/2-1/2"]
[Round "1"]
1.e4 c5
2.Ng1f3 e6
3.Bf1c4 Nb8c6
4.O-O Qd8c7
5.Nb1c3 a6
6.a3 b5
7.Bc4a2 Bc8b7
8.d4 cxd4
9.Nf3xd4 Ng8f6
10.f4 Nc6xd4
11.b4 Qc7xc3
12.Bc1d2 Qc3xc2
13.Ba2b1 Qc2xd1
14.Rf1xd1 Nd4b3
15.Ra1a2 Nb3xd2
16.Ra2xd2 d5
17.e5 Nf6e4
18.Bb1xe4 dxe4
{ draw }
1/2-1/2

[Event "Tourn. n8765"]
[Site "www.chess-mail.com"]
[Date "2016.06.16"]
[Round "1"]
[White "Umzi"]
[Black "Milkyway"]
[WhiteElo "2150"]
[BlackElo "2060"]
[Result "1-0"]
[Round "1"]
1.e4 c5
2.Ng1f3 Nb8c6
3.b3 d6
4.Bc1b2 e5
5.Bf1b5 Bc8d7
6.O-O Ng8f6
7.Nb1c3 Bf8e7
8.d3 O-O
9.Nc3d5 Nf6xd5
10.exd5 Nc6d4
11.Bb5xd7 Qd8xd7
12.c4 f5
13.Nf3xd4 cxd4
14.f4 Be7f6
15.fxe5 dxe5
16.Ra1c1 b5
17.Qd1f3 g6
18.c5 Ra8d8
19.d6 Rd8c8
{ time. }
1-0

[Event "Tourn. n8784"]
[Site "www.chess-mail.com"]
[Date "2016.06.16"]
[Round "1"]
[White "Attatroll"]
[Black "Coventry"]
[WhiteElo "1970"]
[BlackElo "2000"]
[Result "1-0"]
[Round "1"]
1.e4 e6
2.f4 d5
3.exd5 exd5
4.Ng1f3 Ng8f6
5.Bf1e2 c5
6.O-O Bf8e7
7.d3 O-O
8.Nb1c3 Nb8c6
9.Bc1d2 a6
10.Nf3e5 Bc8d7
11.Ne5xd7 Qd8xd7
12.Nc3a4 Qd7c7
13.Be2f3 b5
14.Na4c3 Rf8d8
15.Qd1e2  { time }
1-0

[Event "Tourn. n8754"]
[Site "www.chess-mail.com"]
[Date "2016.06.16"]
[Round "1"]
[White "Genius2"]
[Black "Raven16"]
[WhiteElo "2090"]
[BlackElo "2140"]
[Result "1/2-1/2"]
[Round "1"]
1.d4 d5
2.Ng1f3 Nb8c6
3.Bc1f4 Ng8f6
4.e3 Bc8g4
5.Bf1b5 e6
6.Nb1d2 Bf8d6
7.Bf4xd6 Qd8xd6
8.h3 Bg4h5
9.Qd1e2 O-O
10.g4 Bh5g6
11.Bb5xc6 Qd6xc6
12.c3 Nf6d7
13.O-O h5
14.Nf3h4 e5
15.Nh4xg6 Qc6xg6
16.f3 hxg4
17.hxg4 c6
18.Kf2 f6
19.Rf1g1 Kf7
20.Nd2f1 Rf8h8
21.Rg1g2 Rh8h7
22.Nf1g3 Ra8h8
23.Ng3f5 Ke6
24.Ra1g1 { draw }
1/2-1/2

[Event "Tourn. n8764"]
[Site "www.chess-mail.com"]
[Date "2016.06.16"]
[Round "1"]
[White "Claudia"]
[Black "Pellix84"]
[WhiteElo "1830"]
[BlackElo "1850"]
[Result "0-1"]
[Round "1"]
1.d4 d5
2.c4 e6
3.Nb1c3 Ng8f6
4.cxd5 exd5
5.Bc1g5 a6
6.Ng1f3 c6
7.e3 Nb8d7
8.Bf1d3 Bf8d6
9.O-O O-O
10.Qd1c2 Rf8e8
11.Bd3xh7 Kh8
12.Bh7d3 Qd8a5
13.Nf3h4 Nf6e4
14.f4 Nd7f8
15.Bd3xe4 dxe4
16.f5 Nf8h7
17.Bg5f4 Bd6xf4
18.Rf1xf4 Nh7f6
19.Qc2b3 Re8e7
20.Nh4g6 fxg6
21.Rf4h4 Nf6h5
22.fxg6 Qa5g5
{ resign }
0-1

[Event "Tourn. n8732"]
[Site "www.chess-mail.com"]
[Date "2016.06.16"]
[Round "1"]
[White "Mars91"]
[Black "Huw"]
[WhiteElo "2020"]
[BlackElo "2280"]
[Result "0-1"]
[Round "1"]
1.Ng1f3 c5
2.c4 Nb8c6
3.d4 cxd4
4.Nf3xd4 Ng8f6
5.Nb1c3 d6
6.e4 g6
7.Bf1e2 Bf8g7
8.Bc1e3 O-O
9.O-O Bc8d7
10.Qd1d2 a6
11.Ra1c1 Ra8c8
12.Nd4xc6 Bd7xc6
13.f3 Qd8d7
14.Rf1d1 Qd7e6
15.b3 Nf6d7
16.Nc3d5 f5
17.Nd5f4 Qe6f7
18.c5 fxe4
19.Be2c4 d5
20.Nf4xd5 e6
21.Nd5f4 Rf8e8
22.Qd2d6 Nd7f8
23.fxe4 Bc6xe4
24.Rd1f1 Rc8d8
25.Nf4xe6 { time. }
0-1

[Event "Match"]
[Site "www.echecsemail.com"]
[Date "2016.06.16"]
[Round "1"]
[White "Cardiff"]
[Black "Guidom"]
[WhiteElo "1730"]
[BlackElo "2080"]
[Result "1/2-1/2"]
[Round "1"]
1.d4 d5
2.c4 dxc4
3.e4 e5
4.d5 b5
5.a4 Bc8d7
6.axb5 Bd7xb5
7.Nb1c3 Qd8d7
8.Nc3xb5 Qd7xb5
9.Qd1c2 Bf8b4
10.Bc1d2 Bb4xd2
11.Qc2xd2 Nb8d7
12.Ng1f3 f6
13.Qd2c3 Nd7b6
14.Ra1a5 Qb5b3
15.Qc3xb3 cxb3
16.Bf1b5 Kf7
17.Ke2 Ng8e7
18.Rh1a1 a6
19.Ra5xa6 Ra8xa6
20.Ra1xa6 Rh8a8
21.Ra6xa8 Nb6xa8
22.Bb5c4 Ke8
23.Bc4xb3 Na8b6
24.Nf3d2 Ne7c8
25.f3 Nc8d6
26.Kd3 Kd7
27.Nd2c4 Nb6xc4
28.Bb3xc4 f5
29.b3 fxe4
30.fxe4 h6
31.g4 g5
32.Ke3 Kc8
33.h3 Kb7
34.Kd3 Kb6
35.Ke3 Kc5
36.Kd3 Kb4
37.Bc4a6 Kxb3
38.Ke3 { draw }
1/2-1/2

[Event "Match"]
[Site "www.echecsemail.com"]
[Date "2016.06.16"]
[Round "1"]
[White "Snickers"]
[Black "Irene"]
[WhiteElo "1809"]
[BlackElo "2080"]
[Result "0-1"]
[Round "1"]
1.d4 d5
2.Ng1f3 Nb8c6
3.Bc1f4 Ng8f6
4.e3 e6
5.Bf1b5 Bc8d7
6.O-O a6
7.Bb5xc6 Bd7xc6
8.Nb1c3 Nf6h5
9.Nf3e5 Nh5xf4
10.exf4 Bc6b5
11.Nc3xb5 axb5
12.a3 g6
13.g3 Bf8d6
14.Rf1e1 O-O
15.Ne5d3 Ra8a4
16.c3 c6
17.Nd3e5 f6
18.Ne5d3 Rf8e8
19.Qd1d2 Kf7
20.Re1e3 c5
21.Nd3xc5 Bd6xc5
22.dxc5 Ra4c4
23.b4 b6
24.cxb6 Qd8xb6
25.a4 bxa4
26.Ra1xa4 Re8c8
27.Ra4a3 Qb6c6
28.Ra3a7 Kg8
29.f5 e5
30.fxg6 hxg6
31.Re3f3 d4
32.Qd2h6 Rc8c7
33.Ra7xc7 Qc6xc7
34.Qh6xg6 { time. }
0-1

[Event "Match"]
[Site "www.echecsemail.com"]
[Date "2016.06.16"]
[Round "1"]
[White "Karlgrocer"]
[Black "Mars91"]
[WhiteElo "2050"]
[BlackElo "1789"]
[Result "1-0"]
[Round "1"]
1.Ng1f3 d5
2.e3 a6
3.Bf1e2 c5
4.O-O Bc8g4
5.d4 e6
6.a3 Ng8f6
7.Nf3e5 Bg4xe2
8.Qd1xe2 Bf8d6
9.Ne5f3 O-O
10.dxc5 Bd6xc5
11.b4 Bc5e7
12.Bc1b2 Nb8d7
13.Nb1d2 Nd7b6
14.Rf1c1 Ra8c8
15.c4 Nb6xc4
16.Nd2xc4 dxc4
17.Rc1xc4 Rc8xc4
18.Qe2xc4 Qd8d5
19.Qc4xd5 Nf6xd5
20.g3 Rf8c8
21.Bb2d4 h6
22.Kg2 Be7f6
23.Bd4xf6 Nd5xf6
24.Ra1a2 Rc8c3
25.h4 Nf6d5
26.Nf3e5 Kf8
27.Ne5d7 Ke7
28.Nd7c5 b6
29.Nc5xa6 Rc3c1
30.Kf3 Rc1c4
31.Ra2b2 Rc4c3
32.Rb2a2 f5
33.a4 Rc3c4
34.a5 bxa5
35.bxa5 g5
36.hxg5 hxg5
37.Ra2b2 Rc4a4
{ time. }
1-0

[Event "Match"]
[Site "www.echecsemail.com"]
[Date "2016.06.16"]
[Round "1"]
[White "Fangshuo"]
[Black "Genius9"]
[WhiteElo "2140"]
[BlackElo "1770"]
[Result "1-0"]
[Round "1"]
1.e4 d6
2.Ng1f3 g6
3.Bf1c4 e6
4.Nb1c3 Bf8g7
5.d3 Ng8e7
6.Bc1g5 h6
7.Bg5h4 O-O
8.Qd1d2 c6
9.O-O-O d5
10.Bc4b3 Rf8e8
11.e5 Qd8c7
12.Bh4f6 Nb8d7
13.Bf6xg7 Kxg7
14.d4 a6
15.g4 c5
16.a3 b5
17.h4 Bc8b7
18.h5 Re8h8
19.Nc3e2 c4
20.Bb3a2 Nd7b6
21.hxg6 Ne7xg6
22.c3 a5
23.Ba2b1 Ra8b8
24.Rh1h5 Nb6a4
25.Rd1h1 b4
26.Bb1xg6 fxg6
27.Rh5xh6 bxc3
28.bxc3 Qc7e7
29.Rh6xh8 Rb8xh8
30.Rh1xh8 Kxh8
31.Qd2h6 Kg8
32.Qh6xg6 Kf8
33.Nf3g5 Qe7xa3
34.Kd2 Qa3b2
35.Ke3 { resign }
1-0

[Event "Match"]
[Site "www.echecsemail.com"]
[Date "2016.06.16"]
[Round "1"]
[White "Mdesouza"]
[Black "Genius6"]
[WhiteElo "2300"]
[BlackElo "1710"]
[Result "1-0"]
[Round "1"]
1.e4 e6
2.d4 d5
3.Nb1d2 c5
4.exd5 Qd8xd5
5.Ng1f3 cxd4
6.Bf1c4 Qd5d8
7.O-O Ng8f6
8.Nd2b3 Nb8c6
9.Nb3xd4 Bc8d7
10.Nd4b5  { time }
1-0

[Event "Match"]
[Site "www.echecsemail.com"]
[Date "2016.06.16"]
[Round "1"]
[White "Glenno"]
[Black "Snickers"]
[WhiteElo "2440"]
[BlackElo "2060"]
[Result "1-0"]
[Round "1"]
1.e4 g6
2.d4 Bf8g7
3.Nb1c3 c6
4.Ng1f3 d5
5.h3 dxe4
6.Nc3xe4 Bc8f5
7.Ne4g3 Ng8f6
8.Ng3xf5 gxf5
9.Bf1d3 e6
10.c3 Nb8d7
11.Qd1e2 O-O
12.O-O Rf8e8
13.Rf1e1 Qd8c7
14.g4 fxg4
15.hxg4 Nd7f8
16.Nf3g5 Nf8g6
17.Qe2f3 Qc7d7
18.Bd3xg6 hxg6
19.Qf3h3 Qd7d5
20.Re1e5 Qd5d7
21.Re5a5 b6
22.Ra5e5 Nf6d5
23.Re5e1 e5
24.dxe5 Re8xe5
25.Qh3h7 Kf8
26.Re1xe5 Bg7xe5
27.f3 Be5g7
28.Ng5e4 Qd7e6
29.Bc1h6 Bg7xh6
30.Qh7h8 { resign }
1-0

[Event "Match"]
[Site "www.echecsemail.com"]
[Date "2016.06.16"]
[Round "1"]
[White "Milkyway"]
[Black "Greghghs"]
[WhiteElo "1809"]
[BlackElo "2310"]
[Result "0-1"]
[Round "1"]
1.e4 e5
2.Ng1f3 Nb8c6
3.d4 exd4
4.Nf3xd4 Ng8f6
5.Nd4xc6 bxc6
6.e5 Qd8e7
7.Qd1e2 Nf6d5
8.c4 Nd5b6
9.b3 Qe7e6
10.Bc1b2 Bf8b4
11.Nb1d2 O-O
12.O-O-O Qe6e7
13.f4 Bb4a3
14.Nd2e4 Ba3xb2
15.Kxb2 a5
16.h4 a4
17.c5 Nb6d5
18.g3 axb3
19.axb3 Bc8a6
20.Qe2f2 Ba6xf1
21.Rh1xf1 Rf8b8
22.Rd1a1 f5
23.Ne4g5 h6
24.Ra1xa8 Rb8xa8
25.Ng5f3 Nd5b4
26.Kc3 Ra8b8
27.Qf2d4 Rb8b5
28.Qd4d2 Rb5xc5
29.Kb2 Rc5c2
{ time. }
0-1

[Event "Match"]
[Site "www.echecsemail.com"]
[Date "2016.06.16"]
[Round "1"]
[White "Stevep84"]
[Black "Masterchess"]
[WhiteElo "2190"]
[BlackElo "1800"]
[Result "1-0"]
[Round "1"]
1.e4 e5
2.Ng1f3 Nb8c6
3.Bf1b5 a6
4.Bb5xc6 dxc6
5.O-O Bc8g4
6.h3 h5
7.d3 Bg4xf3
8.Qd1xf3 Qd8f6
9.Qf3e2 Bf8c5
10.Bc1e3 Qf6e7
11.Nb1d2 O-O-O
12.a3 g5
13.g3 f6
14.b4 Bc5xe3
15.Qe2xe3  { time }
1-0